Datum a čas kvízu
29
Celkem bodů
Celkový počet nahraných bodů na tomto kvízu bez doplňovacích otázek.
5.
Pořadí na kvízu
Konečné umístění týmu na tomto kvízu.
Zaznamenané odpovědi
| # | Otázka | Odpověď | Body | Výsledky |
|---|---|---|---|---|
| 1. | ODS v pondělí představila svou... | 1B 2C 3D 4A | 0 | |
| 2. | Britské bankovky budou mít nov... | C | 0 | |
| 3. | Která zpěvačka minulý týden př... | Olga Lounová | 1 | |
| 4. | Minulý týden jste se mohli doč... | D | 0 | |
| 5. | Kazachstánský tenista Alexandr... | rukojetí rakety | 1 | |
| 6. | Nejrozšířenějším „národním spo... | D | 1 | |
| 7. | Za národní sport lze považovat... | národní házená (česká házená) | 0 | |
| 8. | Některé země mají svůj národní... | lakros | 1 | |
| 9. | U uzákoněných národních sportů... | polo; basketbal | 0.5 | |
| 10. | I medailové úspěchy z olympijs... | D | 1 |